| 000 | 00993nam0a22002771 4500 | ||
|---|---|---|---|
| 001 | rc\4870407 | ||
| 005 | 20250612200314.0 | ||
| 021 |
_aRU _bРг7388-58 |
||
| 035 | _a(NLR Aleph) 008822171 | ||
| 090 |
_a8229217 _c8229217 |
||
| 100 | _a20130426d1958 |||y0rusy50 ca | ||
| 101 | 0 | _arus | |
| 102 | _aRU | ||
| 105 | _ay z ||||| | ||
| 200 | 1 |
_aВопросы организации и оплаты труда в колхозах Латвийской ССР _e(Материал для лектора) _fО-во по распространению полит. и науч. знаний Латв. ССР |
|
| 210 |
_aРига _cБ. и. _d1958 |
||
| 215 |
_a36 л. _d29 |
||
| 300 | _aЛитогр. | ||
| 300 | _aТекст на одной стороне листа | ||
| 333 | _aНа правах рукописи | ||
| 700 | 1 |
_aЦипе _bК.А. _gКалман Аронович |
|
| 801 | 0 |
_aRU _bNLR _gpsbo |
|
| 801 | 1 |
_aRU _bELAR _2rusmarc |
|
| 852 |
_aNLR _j58-8/1867 |
||
| 942 | _cBOOK | ||
| 980 | _aNB | ||